| 000 | 00417nam a2200157Ia 4500 | ||
|---|---|---|---|
| 008 | 210716s2018 xx 000 0 und d | ||
| 020 | _a9789350044131 | ||
| 041 | _aeng | ||
| 082 | _a006.31 HARP | ||
| 100 | _aHarrington, Peter. | ||
| 245 | _aMachine learning in action. | ||
| 250 | _a1 | ||
| 260 |
_aNew Delhi _bDreamtech Press _c2018 |
||
| 300 | _axxv,354/2018 | ||
| 650 | _aMachine & Assembly Languages(005.136) | ||
| 999 |
_c197039 _d197039 |
||